03194cam a2200481 i 450000100090000000300040000900500170001300800410003001000170007102000180008804000280010604200080013405000250014208200200016710000390018724502690022625000210049526400370051626400110055330000220056433600260058633700280061233800270064050400670066765000230073465000360075770000320079394200460082595201400087195201400101195201400115195201400129195201400143195201400157195201400171195201400185195201400199195201410213195201410227295201410241395201410255499900170269520025712OSt20250610100611.0170922s2019 nyu b 001 0 eng  a 2017037515 a9789353069834 aDLCbengcDLCerdadDLC apcc00aHF5415.32b.S35 201900a658.8342bSCH/C1 aSchiffman, Leon G.eauthor.91059110aConsumer behavior /cLeon G. Schiffman, Professor Emeritus of Marketing and E-Commerce, Peter J. Tobin College of Business, St. John's University, New York City, Joe Wisenblit, Professor of Marketing, Stillman School of Business, Seton Hall University, New Jersey. aTwelfth edition. 1aNew York, NY :bPearson,c[2019] 4a©2015 axxix, 667 pages ; atextbtxt2rdacontent aunmediatedbn2rdamedia avolumebnc2rdacarrier aIncludes bibliographical references (pages 405-431) and index. 0aConsumer behavior. 0aMotivation research (Marketing)1 aWisenblit, Joseph,eauthor. 2ddccBKh658.8342iSCH/Ck658.8342mSCH/C 00102ddc40708MANAGEMENTaMESbMEScMANAGEMENTd2025-06-10l0o658.8342 SCH/Cp45717r2025-06-10 10:05:13t1w2025-06-10yBKzGL53R4 00102ddc40708MANAGEMENTaMESbMEScMANAGEMENTd2025-06-10l0o658.8342 SCH/Cp45718r2025-06-10 10:05:13t2w2025-06-10yBKzGL53R4 00102ddc40708MANAGEMENTaMESbMEScMANAGEMENTd2025-06-10l0o658.8342 SCH/Cp45719r2025-06-10 10:05:13t3w2025-06-10yBKzGL53R4 00102ddc40708MANAGEMENTaMESbMEScMANAGEMENTd2025-06-10l0o658.8342 SCH/Cp45720r2025-06-10 10:05:13t4w2025-06-10yBKzGL53R4 00102ddc40708MANAGEMENTaMESbMEScMANAGEMENTd2025-06-10l0o658.8342 SCH/Cp45721r2025-06-10 10:05:13t5w2025-06-10yBKzGL53R4 00102ddc40708MANAGEMENTaMESbMEScMANAGEMENTd2025-06-10l0o658.8342 SCH/Cp45722r2025-06-10 10:05:13t6w2025-06-10yBKzGL53R4 00102ddc40708MANAGEMENTaMESbMEScMANAGEMENTd2025-06-10l0o658.8342 SCH/Cp45723r2025-06-10 10:05:13t7w2025-06-10yBKzGL53R4 00102ddc40708MANAGEMENTaMESbMEScMANAGEMENTd2025-06-10l0o658.8342 SCH/Cp45724r2025-06-10 10:05:13t8w2025-06-10yBKzGL53R4 00102ddc40708MANAGEMENTaMESbMEScMANAGEMENTd2025-06-10l0o658.8342 SCH/Cp45725r2025-06-10 10:05:13t9w2025-06-10yBKzGL53R4 00102ddc40708MANAGEMENTaMESbMEScMANAGEMENTd2025-06-10l0o658.8342 SCH/Cp45726r2025-06-10 10:05:13t10w2025-06-10yBKzGL53R4 00102ddc40708MANAGEMENTaMESbMEScMANAGEMENTd2025-06-10l0o658.8342 SCH/Cp45727r2025-06-10 10:05:13t11w2025-06-10yBKzGL53R4 00102ddc40708MANAGEMENTaMESbMEScMANAGEMENTd2025-06-10l0o658.8342 SCH/Cp45728r2025-06-10 10:05:13t12w2025-06-10yBKzGL53R4 00102ddc40708MANAGEMENTaMESbMEScMANAGEMENTd2025-06-10l0o658.8342 SCH/Cp46028r2025-06-10 10:05:13t13w2025-06-10yBKzGL53R4 c44479d44479